Tomorrow's world : a look at the demographic and socio-economic structure of the world in 2032

Bibliographic Details
Main Author: Laurent, Clint (Author)
Format: Book
Language:English
Published: Singapore : John Wiley & Sons 2013
Subjects:

MARC

LEADER 00000cam a2200000 7i4500
001 0000025610
005 20241114.0
008 260914 si a eng
020 |a 9780470824719 ,   |c RM99.80 
040 |a INS   |b eng   |e rda 
090 0 0 |a CB161   |b .L38 2013 
100 1 |a Laurent, Clint ,   |e author 
245 1 0 |a Tomorrow's world :   |b a look at the demographic and socio-economic structure of the world in 2032   |c Clint Laurent 
246 3 0 |a Demographic and socio-economic structure of the world in 2032 
264 1 |a Singapore :   |b John Wiley & Sons   |c 2013 
300 |a xxiv, 230 pages :   |b illustrations ;   |c 24 cm. 
336 |a text  |2 rdacontent 
337 |a unmediated  |2 rdamedia 
338 |a volume  |2 rdacarrier 
500 |a Includes index 
650 0 |a Forecasting 
650 0 |a twenty-first century   |v Forecasting 
999 |a 1000002018   |b BOOK   |c Open Shelf   |e Default branch